| 000 | 02156cad a22002775a 4500 | ||
|---|---|---|---|
| 001 | L147168 | ||
| 008 | 090408s2009 xxk f 000 0 eng d | ||
| 035 | _a(Sirsi) u147168 | ||
| 041 | 0 | _aeng | |
| 050 | 0 | 4 | _a333.32 $2 18 |
| 110 | 2 |
_aTEGoVA _93466 |
|
| 245 | 0 | 0 |
_aEuropean valuation standards 2009 _h[electronic resource] |
| 250 | _a6th ed. | ||
| 260 |
_a[S.l.] _bTEGoVA _c2009 |
||
| 505 | 2 | _aPart 1 European Valuation Standards (EVS) -- EVS1 Market value -- EVS2 Valuation bases other than market value -- EVS3 The qualified valuer -- EVS4 The valuation process -- EVS5 Reporting the valuation | |
| 505 | 2 | _aPart 2 European Valuation applications (EVA)-- EVA1 Valuation for the purpose of financial reporting -- EVA2 Valuation for lending purposes -- EVA3 Property valuation for securitisation purposes -- EVA4 Assessment of insurable value -- EVA5 Application of investment value (worth) for individual investors | |
| 520 | _aProvides a new, updated set of valuation standards (also known as the 'Blue Book') to ensure valuations which are consistent across Europe and whose quality can be relied upon as a common benchmark for the financial industry and clients across the European Union (EU). By embedding the concept of best practice throughout, emphasises the importance of ethical behaviour and demonstrating transparency of the instruction from inception through to completion. Acknowledging developments in International Valuation Standards 2005 and 2007, uses definitions that are in common with International Valuation Standards and that are in accord with EU Directives, specifically the definition of market value. Does not address any country specific issues or valuation methodology. | ||
| 520 | _aSuperseded by 7th edition 2012 (ISBN 9789081906005) (L1567025). Supersedes 5th edition 2003 (ISBN 072820414 2) (No L number) | ||
| 521 | 2 | 1 | _aExpert |
| 590 | _aKA NTK | ||
| 650 | 2 | 4 | _aINTERNATIONAL VALUATION STANDARDS |
| 651 | 4 | _aInternational | |
| 690 | _aPROPERTY-PROPERTY APPRAISAL AND VALUATION | ||
| 856 | 4 | 0 |
_uhttps://www.tegova.org/en/p49ccff9f14ad1 _zView the standards free of charge at www.tegova.org |
| 942 | _n0 | ||
| 999 |
_c109467 _d109467 |
||